| 000 | 02391nam a2200433 a 4500 | ||
|---|---|---|---|
| 001 | 000045217 | ||
| 003 | DO-SdBNP | ||
| 005 | 20180313112021.0 | ||
| 007 | 000045217 | ||
| 008 | 150211s1997 dr abc 000 0 spa d | ||
| 020 | _a8482610082 | ||
| 040 |
_aBPMSU _bspa _cBPMSU |
||
| 082 | 0 | 4 |
_a373.89 _bC343r 1ro. 1997 |
| 100 | 1 |
_aCassá, Roberto, _d1948- |
|
| 245 | 1 | 3 |
_aLa República Dominicana : _bdos siglos de historia, geografía y sociedad ; 1er. curso, segundo ciclo / _cRoberto Cassá, Carlos Andújar Persinal, Juan Manuel Romero Valiente ; dirección editorial Obdulia García de Escobar |
| 260 |
_aSanto Domingo : _bSantillana, _c1997. |
||
| 300 |
_a231 p. : _bil., mapa, retrs. ; _c28 cm. |
||
| 500 | _aEste libro ha sido realizado de conformidad con el currículum vigente y ha sido sometido a la aprobación de la SEEBAC "Secretaría de Estado de Educación Bellas Artes y Cultos" | ||
| 505 | 0 |
_tLa República Dominicana: geografía, geología -- _tClima, aguas y vegetación -- _tLos recursos naturales -- _tLa antropología: historia, campos de estudio e importancia -- _tLas últimas fases del período colonial -- _tLa reconquista y la España Boba -- _tLa independencia y la anexión -- _tLa formación del estado moderno -- _tCrisis política e intervención de 1916 -- _tLa dictadura de Rafael L. Trujillo -- _tInstitucionalización y lucha política en 1961 -- _tLa economía rural e industrial en R. D. -- _tModernidad y crisis social -- _tLas ciudades y su historia. |
|
| 650 | 4 |
_aEDUCACIÓN SECUNDARIA _zREPÚBLICA DOMINICANA |
|
| 650 | 4 |
_aHISTORIA _xENSEÑANZA SECUNDARIA |
|
| 650 | 4 |
_aHISTORIA _xEDUCACIÓN SECUNDARIA |
|
| 650 | 4 |
_aHISTORIA _xLIBROS DE TEXTOS |
|
| 650 | 4 |
_aHISTORIA _xESTUDIOS Y EJERCICIOS |
|
| 650 | 4 |
_aGEOGRAFÍA _xESTUDIOS Y EJERCICIOS |
|
| 650 | 4 |
_aGEOGRAFÍA _xENSEÑANZA SECUNDARIA |
|
| 650 | 4 |
_aGEOGRAFÍA _xLIBROS DE TEXTOS |
|
| 700 | 1 |
_aGarcía de Escobar, Obdulia, _eed. |
|
| 700 | 1 |
_aAndújar Persinal, Carlos, _eed. |
|
| 700 | 1 | _3Romero Valiente, Juan Manuel | |
| 910 | _aValidado. Contol de calidad MFF | ||
| 930 | 1 |
_lBND01 _mLF1 _820150211 _f01 _pHD _g46976 |
|
| 930 | 1 |
_lBND01 _mLF1 _820150211 _f01 _pHD _g46976 _he. 2 |
|
| 942 |
_2ddc _cBK |
||
| 945 | _ainventariado, 2018 / dg | ||
| 956 |
_aYLOCKWARD _b10 _c20150624 _lBND01 _h0924 |
||
| 956 |
_aVMATEO _b10 _c20150626 _lBPMSU _h00151 |
||
| 956 |
_aLOPEREZ _b10 _c20160404 _lBPMSU _h0041 |
||
| 999 |
_c7936 _d7936 |
||